La France a-t-elle trahi? (Record no. 5355)

MARC details
000 -LEADER
fixed length control field 00577cam a22002171 4500
001 - CONTROL NUMBER
control field af 48003016
003 - CONTROL NUMBER IDENTIFIER
control field DLC
005 - DATE AND TIME OF LATEST TRANSACTION
control field 20260227110859.0
008 - FIXED-LENGTH DATA ELEMENTS--GENERAL INFORMATION
fixed length control field 801230s1946 be 000 0 fre c
010 ## - LIBRARY OF CONGRESS CONTROL NUMBER
LC control number af 48003016
035 ## - SYSTEM CONTROL NUMBER
System control number (OCoLC)7039883
040 ## - CATALOGING SOURCE
Original cataloging agency California. Univ. Libr.
Transcribing agency OCl
Modifying agency DLC
042 ## - AUTHENTICATION CODE
Authentication code premarc
050 00 - LIBRARY OF CONGRESS CALL NUMBER
Classification number D761
Item number .P74
082 ## - DEWEY DECIMAL CLASSIFICATION NUMBER
Classification number 940.5344
100 1# - MAIN ENTRY--PERSONAL NAME
Personal name Prist, Paul,
Dates associated with a name 1882-
245 13 - TITLE STATEMENT
Title La France a-t-elle trahi?
260 ## - PUBLICATION, DISTRIBUTION, ETC.
Place of publication, distribution, etc. Bruxelles,
Name of publisher, distributor, etc. La Renaissance du livre
Date of publication, distribution, etc. [1946]
300 ## - PHYSICAL DESCRIPTION
Extent 106 p.
Dimensions 18 cm.
650 #0 - SUBJECT ADDED ENTRY--TOPICAL TERM
Topical term or geographic name entry element World War, 1939-1945
Geographic subdivision France.

No items available.

Powered by Koha